000
00320nam a2200133Ia 4500
008
220216s9999 xx 000 0 und d
100
_a
Budiman
245
0
_a
Indonesian rubber industry
260
_b
Indian Rubber Journal
_c
1997
300
_a
122-127
650
_a
Indonesia
650
_a
Rubber industry
942
_c
JS
999
_c
61142
_d
61142